| Tag |
First Indicator |
Second Indicator |
Subfields |
| LEADER |
00000cam a22000008a 4500 |
| 001 |
in00000079968 |
| 005 |
20151008055251.0 |
| 008 |
810804s1982 nyub b 00100 eng |
| 010 |
|
|
|a 81013167
|
| 020 |
|
|
|a 0841907366
|
| 035 |
|
|
|a (OCoLC)07741035
|
| 035 |
|
|
|9 AAJ3002AM
|
| 039 |
0 |
|
|a 2
|b 3
|c 3
|d 3
|e 3
|
| 040 |
|
|
|a DLC
|c DLC
|d TXA
|d UtOrBLW
|
| 049 |
|
|
|a TXAM
|c [1672753]
|
| 050 |
0 |
0 |
|a UA10
|b .E79
|
| 082 |
0 |
|
|a 355/.03
|2 19
|
| 245 |
0 |
0 |
|a Estimating foreign military power /
|c edited by Philip Towle.
|
| 263 |
|
|
|a 8201
|
| 264 |
|
1 |
|a New York :
|b Holmes & Meier,
|c 1982.
|
| 300 |
|
|
|a 276 pages :
|b maps ;
|c 22 cm.
|
| 336 |
|
|
|a text
|b txt
|2 rdacontent
|
| 337 |
|
|
|a unmediated
|b n
|2 rdamedia
|
| 338 |
|
|
|a volume
|b nc
|2 rdacarrier
|
| 504 |
|
|
|a Includes bibliographical references and index.
|
| 650 |
|
0 |
|a Armed Forces.
|
| 650 |
|
0 |
|a Military policy.
|
| 700 |
1 |
|
|a Towle, Philip,
|d 1945-
|
| 999 |
|
|
|a MARS
|
| 999 |
f |
f |
|s b273e848-a017-3e96-943e-1e1ebb3add7a
|i 01a37448-89a6-3d8b-835c-09e53856c0ad
|t 0
|
| 952 |
f |
f |
|p ric
|a Texas A&M University
|b Rellis Campus
|c Joint Library Facility
|d Remote Storage
|t 0
|e UA10 .E79
|h Library of Congress classification
|i unmediated -- volume
|m A14806260689
|
| 998 |
f |
f |
|a UA10 .E79
|t 0
|l Remote Storage
|